[Event "IBCA Wch blind 14th"]
[Site "Cagliari"]
[Date "2019.04.08"]
[Round "3"]
[White "Streltsov, Alexey"]
[Black "Pohlers, Juergen"]
[Result "1-0"]
[WhiteElo "2131"]
[BlackElo "1923"]
[PlyCount "57"]
[EventDate "2019.04.06"]
[EventType "swiss"]
[EventRounds "9"]
[EventCountry "ITA"]
[SourceTitle "CBM 189 Extra"]
[Source "ChessBase"]
[SourceDate "2019.06.03"]
[SourceVersion "1"]
[SourceVersionDate "2019.06.03"]
[SourceQuality "1"]

1. e4 c5 2. Nf3 Nc6 3. Bb5 g6 4. Bxc6 dxc6 5. d3 Bg7 6. h3 Nf6 7. Nc3 Nd7 8. 0-0 0-0 9. Be3 b6 10. Qd2 Ne5 11. Nh2 f6 12. f4 Nf7 13. f5 Ne5 14. g4 g5 15. Nf3 Qd6 16. Kg2 Bd7 17. Rae1 Rad8 18. Bg1 h6 19. Bh2 Nxf3 20. Rxf3 e5 21. fxe6 Qxe6 22. Qf2 Rde8 23. Rf1 h5 24. gxh5 g4 25. Rg3 gxh3+ 26. Kh1 Kh8 27. Rg6 Qf7 28. Rfg1 Re7 29. h6 1-0

[Event "IBCA Wch blind 14th"]
[Site "Cagliari"]
[Date "2019.04.06"]
[Round "1"]
[White "Tuka, Oleg"]
[Black "Pohlers, Juergen"]
[Result "0-1"]
[WhiteElo "2367"]
[BlackElo "1923"]
[PlyCount "90"]
[EventDate "2019.04.06"]
[EventType "swiss"]
[EventRounds "9"]
[EventCountry "ITA"]
[SourceTitle "CBM 189 Extra"]
[Source "ChessBase"]
[SourceDate "2019.06.03"]
[SourceVersion "1"]
[SourceVersionDate "2019.06.03"]
[SourceQuality "1"]

1. Nf3 d5 2. d4 Nf6 3. c4 c6 4. e3 Nbd7 5. Nbd2 e6 6. b3 Ne4 7. Bb2 f5 8. Be2 Be7 9. 0-0 0-0 10. Ne5 Nxd2 11. Qxd2 Nxe5 12. dxe5 dxc4 13. Qxd8 Rxd8 14. Bxc4 b5 15. Rfc1 bxc4 16. Rxc4 Bb7 17. Bd4 Rd5 18. Rac1 a6 19. h3 Rc8 20. b4 a5 21. a3 axb4 22. axb4 Rb5 23. Bc3 c5 24. bxc5 Rbxc5 25. Rxc5 Rxc5 26. Bb2 Rxc1+ 27. Bxc1 Bb4 28. Bb2 Kf7 29. Bd4 Ke8 30. f4 Kd7 31. Kf2 Be4 32. Ba7 Kc6 33. g3 g6 34. Ke2 Kd5 35. Bb6 Bg2 36. h4 h5 37. Kf2 Bh3 38. Ke2 Ke4 39. Bd4 Bg4+ 40. Kf2 Bd2 41. Bb6 Bc3 42. Bc5 Kd3 43. Bb6 Kd2 44. Bc5 Kd1 45. Bb6 Be1+ 0-1

[Event "Bad Woerishofen op 29th"]
[Site "Bad Woerishofen"]
[Date "2013.03.05"]
[Round "5"]
[White "Pohlers, Juergen"]
[Black "Weisenburger, Horst"]
[Result "0-1"]
[WhiteElo "1935"]
[BlackElo "2074"]
[PlyCount "34"]
[EventDate "2013.03.01"]
[EventType "swiss"]
[EventRounds "9"]
[EventCountry "GER"]
[SourceTitle "EXT 2022"]
[Source "ChessBase"]
[SourceDate "2021.10.06"]
[SourceVersion "1"]
[SourceVersionDate "2021.10.06"]
[SourceQuality "1"]

1. d4 f5 2. e4 fxe4 3. Nc3 Nf6 4. Bg5 Nc6 5. f3 d5 6. Bb5 a6 7. Bxc6+ bxc6 8. Qe2 Bf5 9. 0-0-0 Qd6 10. Re1 Rb8 11. a3 e5 12. fxe4 Nxe4 13. dxe5 Qxa3 14. Nxe4 Qxb2+ 15. Kd1 Qd4+ 16. Qd3 Qxd3+ 17. cxd3 dxe4 0-1

[Event "Bad Woerishofen op 28th"]
[Site "Bad Woerishofen"]
[Date "2012.03.02"]
[Round "1"]
[White "Donchenko, Anatoly G"]
[Black "Pohlers, Juergen"]
[Result "1-0"]
[WhiteElo "2376"]
[BlackElo "1991"]
[PlyCount "45"]
[EventDate "2012.03.02"]
[EventType "swiss"]
[EventRounds "9"]
[EventCountry "GER"]
[SourceTitle "EXT 2019"]
[Source "ChessBase"]
[SourceDate "2018.10.10"]
[SourceVersion "1"]
[SourceVersionDate "2018.10.10"]
[SourceQuality "1"]

1. Nf3 d5 2. d4 Nf6 3. c4 c6 4. Qc2 g6 5. cxd5 cxd5 6. Nc3 Nc6 7. Bf4 Qb6 8. e3 Bf5 9. Qb3 Qxb3 10. axb3 Bg7 11. Ne5 0-0 12. Be2 Rfd8 13. g4 Be6 14. f3 Nd7 15. Nd3 f6 16. b4 Bf7 17. b5 Ncb8 18. Nb4 Kf8 19. Bc7 Rc8 20. b6 a6 21. Nb5 e6 22. Kd2 Ke8 23. Nd6+ 1-0

[Event "IBCA Wch blind 12th"]
[Site "Belgrade"]
[Date "2010.09.01"]
[Round "6.40"]
[White "Janjic, Stefan"]
[Black "Pohlers, Juergen"]
[Result "1-0"]
[WhiteElo "1778"]
[BlackElo "2074"]
[PlyCount "147"]
[EventDate "2010.08.26"]
[EventType "swiss"]
[EventRounds "9"]
[EventCountry "SRB"]
[SourceTitle "EXT 2011"]
[Source "ChessBase"]
[SourceDate "2010.11.26"]
[SourceVersion "1"]
[SourceVersionDate "2010.11.26"]
[SourceQuality "1"]

1. d4 Nf6 2. c4 e5 3. dxe5 Ng4 4. Qd4 d6 5. exd6 Bxd6 6. Nf3 0-0 7. e3 Nc6 8. Qd1 Nxf2 9. Kxf2 Bg3+ 10. Ke2 Qxd1+ 11. Kxd1 Bd6 12. Bd2 Rd8 13. a3 a5 14. Nc3 Bc5 15. Ke2 Be6 16. Kf2 Ne5 17. Nxe5 Rxd2+ 18. Be2 Bd6 19. Nd3 Bxc4 20. Ne4 Rxd3 21. Bxd3 Bxd3 22. Nxd6 cxd6 23. Rhd1 Be4 24. Rxd6 h6 25. Rad1 Kh7 26. Rd8 Ra6 27. R1d6 Bc6 28. Rf8 Rb6 29. Rd2 Kg6 30. Rfd8 Rb5 31. R8d6+ f6 32. R6d4 Rg5 33. g3 a4 34. Rc2 Ra5 35. Rcc4 Rf5+ 36. Ke1 Rb5 37. Rb4 Ra5 38. Kd2 Rh5 39. h4 Ra5 40. e4 Kf7 41. Ke3 Ke7 42. Rbc4 Rb5 43. Rc2 Rb3+ 44. Kf2 Ke6 45. Rb4 Rd3 46. Rc3 Rd2+ 47. Ke3 Rg2 48. Kd4 Kd6 49. b3 axb3 50. Rcxb3 Re2 51. Re3 Rc2 52. Rc4 Ra2 53. Rcc3 Bb5 54. Rb3 Bc6 55. e5+ fxe5+ 56. Rxe5 Rd2+ 57. Kc3 Rg2 58. Re3 Kc5 59. Rb4 Ra2 60. Rc4+ Kd6 61. Kb3 Rf2 62. Rf4 Bd5+ 63. Kc3 Ra2 64. Kd4 Rd2+ 65. Rd3 Re2 66. Rg4 Re7 67. Rg6+ Be6 68. Re3 b6 69. h5 Kd7 70. g4 Kd6 71. a4 Kd7 72. Kc3 Kd6 73. Kb4 Kd5 74. Rgxe6 1-0

[Event "Bad Woerishofen op 26th"]
[Site "Bad Woerishofen"]
[Date "2010.03.12"]
[Round "7"]
[White "Straub, Hermann"]
[Black "Pohlers, Juergen"]
[Result "1/2-1/2"]
[WhiteElo "1971"]
[BlackElo "1971"]
[PlyCount "62"]
[EventDate "2010.03.06"]
[EventType "swiss"]
[EventRounds "9"]
[EventCountry "GER"]
[SourceTitle "EXT 2022"]
[Source "ChessBase"]
[SourceDate "2021.10.06"]
[SourceVersion "1"]
[SourceVersionDate "2021.10.06"]
[SourceQuality "1"]

1. b3 e5 2. Bb2 Nc6 3. e3 Nf6 4. Nf3 e4 5. Nd4 d6 6. Nxc6 bxc6 7. Be2 Be7 8. 0-0 0-0 9. d3 d5 10. Nd2 Bf5 11. dxe4 Nxe4 12. Bd3 Nd6 13. Bxf5 Nxf5 14. Qg4 g6 15. Rfd1 h5 16. Qa4 Bf6 17. Bxf6 Qxf6 18. e4 Nd6 19. Qxc6 Nxe4 20. Qxf6 Nxf6 21. Re1 Rfe8 22. Kf1 Kf8 23. Rxe8+ Rxe8 24. Re1 Rxe1+ 25. Kxe1 Ke7 26. Ke2 Kd6 27. h3 Kc5 28. Kd3 Kd6 29. c4 c5 30. cxd5 Nxd5 31. g3 Nb4+ 1/2-1/2

[Event "Bad Woerishofen op 26th"]
[Site "Bad Woerishofen"]
[Date "2010.03.11"]
[Round "6"]
[White "Pohlers, Juergen"]
[Black "Huhndorf, Arnold"]
[Result "0-1"]
[WhiteElo "1971"]
[BlackElo "2247"]
[PlyCount "100"]
[EventDate "2010.03.06"]
[EventType "swiss"]
[EventRounds "9"]
[EventCountry "GER"]
[SourceTitle "EXT 2022"]
[Source "ChessBase"]
[SourceDate "2021.10.06"]
[SourceVersion "1"]
[SourceVersionDate "2021.10.06"]
[SourceQuality "1"]

1. d4 Nf6 2. c4 c5 3. d5 e6 4. Nc3 exd5 5. cxd5 d6 6. e4 g6 7. Bd3 Bg7 8. Nge2 0-0 9. 0-0 Ng4 10. h3 Ne5 11. Bc2 Na6 12. a3 Bd7 13. b3 g5 14. Ng3 g4 15. Nf5 Bxf5 16. exf5 Nf3+ 17. gxf3 Bxc3 18. Qd3 Qf6 19. Ra2 gxh3 20. Kh1 Kh8 21. Qxc3 Qxc3 22. Bb2 Qxb2 23. Rxb2 Rg8 24. Rg1 Rxg1+ 25. Kxg1 Rg8+ 26. Kh1 Kg7 27. Kh2 Kf6 28. Kxh3 Nc7 29. Kh2 Ke5 30. Be4 b5 31. Rd2 c4 32. Rd1 Na6 33. Bc2 Nc5 34. bxc4 bxc4 35. f4+ Kxf4 36. Rd4+ Kf3 37. Rxc4 Rg2+ 38. Kh1 Rxf2 39. Bd1+ Ke3 40. Bc2 Rd2 41. Kg1 f6 42. Kf1 Rxd5 43. Kg2 Rd4 44. Rxd4 Kxd4 45. Kf3 Kc3 46. Bd1 d5 47. Ke3 d4+ 48. Ke2 d3+ 49. Ke1 d2+ 50. Kf2 Nd3+ 0-1

[Event "Bad Woerishofen op 25th"]
[Site "Bad Woerishofen"]
[Date "2009.03.12"]
[Round "8.62"]
[White "Andersen, Jens Knud"]
[Black "Pohlers, Juergen"]
[Result "1-0"]
[WhiteElo "2186"]
[BlackElo "2085"]
[PlyCount "107"]
[EventDate "2009.03.05"]
[EventType "swiss"]
[EventRounds "9"]
[EventCountry "GER"]
[SourceTitle "EXT 2022"]
[Source "ChessBase"]
[SourceDate "2021.10.06"]
[SourceVersion "1"]
[SourceVersionDate "2021.10.06"]
[SourceQuality "1"]

1. d4 Nf6 2. Nf3 d5 3. c4 c6 4. e3 Bg4 5. Qb3 Qb6 6. Nc3 e6 7. Ne5 h5 8. Bd3 Nbd7 9. Nxd7 Kxd7 10. f3 Qxb3 11. axb3 Bf5 12. e4 Bg6 13. c5 Be7 14. 0-0 Rhd8 15. Be2 dxe4 16. fxe4 Ke8 17. e5 Ne4 18. Be3 Bg5 19. Bxg5 Nxg5 20. Rf4 Ke7 21. h4 Nh7 22. Bc4 Nf8 23. Raf1 Ke8 24. Be2 Rd7 25. Kf2 Rad8 26. Ke3 Rc7 27. Ra1 b6 28. cxb6 axb6 29. Ra6 Nd7 30. b4 Ke7 31. Rf1 c5 32. Nb5 cxd4+ 33. Nxd4 Nxe5 34. Rxb6 Rdc8 35. b5 Rc5 36. Ra1 R8c7 37. Rba6 Kf6 38. Ra7 Nd7 39. b4 Rc3+ 40. Kd2 Ne5 41. b6 Rc2+ 42. Kd1 Rc8 43. Nxc2 Bxc2+ 44. Kd2 Be4 45. Rf1+ Kg6 46. b7 Rb8 47. Ba6 f5 48. g3 Nc6 49. Ra8 Nxb4 50. Rxb8 Nxa6 51. Re8 Bxb7 52. Rxe6+ Kf7 53. Rb6 Bc8 54. Rc1 1-0

[Event "SLO-ch blind int 7th"]
[Site "Izola"]
[Date "2007.06.18"]
[Round "7"]
[White "Mlacnik, Franc"]
[Black "Pohlers, Juergen"]
[Result "1/2-1/2"]
[WhiteElo "2128"]
[BlackElo "2102"]
[PlyCount "144"]
[EventDate "2007.06.13"]
[EventType "swiss"]
[EventRounds "7"]
[EventCountry "SLO"]
[SourceTitle "EXT 2023"]
[Source "ChessBase"]
[SourceDate "2022.10.05"]
[SourceVersion "1"]
[SourceVersionDate "2022.10.05"]
[SourceQuality "1"]

1. e4 c5 2. Nc3 Nc6 3. f4 e6 4. Nf3 d5 5. Bb5 d4 6. Bxc6+ bxc6 7. Nb1 Ne7 8. d3 f5 9. Nbd2 Ng6 10. 0-0 Be7 11. exf5 exf5 12. Nc4 Be6 13. Nfe5 Qd5 14. Qf3 Qxf3 15. Rxf3 Bd5 16. Nxg6 hxg6 17. Rg3 Bxc4 18. dxc4 Kf7 19. Rb3 Rab8 20. Rxb8 Rxb8 21. b3 Bf6 22. Bd2 d3 23. c3 a5 24. Rd1 a4 25. b4 cxb4 26. cxb4 Rd8 27. Be3 Rb8 28. Bc5 Rd8 29. Be3 Be7 30. b5 cxb5 31. cxb5 Rb8 32. b6 Bd8 33. Rxd3 Bxb6 34. Bxb6 Rxb6 35. Rd2 Rb4 36. g3 g5 37. fxg5 Kg6 38. Kf2 Kxg5 39. Kf3 Rc4 40. h4+ Kf6 41. Re2 g6 42. Re3 Kg7 43. Re7+ Kh6 44. Re2 Rb4 45. Re3 Rd4 46. Re2 Rd1 47. Re3 Rf1+ 48. Kg2 Rb1 49. Kf3 Rc1 50. Ra3 Rc4 51. Re3 Kg7 52. Re7+ Kf6 53. Re3 Rb4 54. Re2 Rb1 55. Re3 Rb8 56. Ra3 Ra8 57. Re3 Ra5 58. Kf4 Rc5 59. Kf3 Rc2 60. Ra3 Rc4 61. Re3 g5 62. hxg5+ Kxg5 63. Re2 Rc1 64. Re3 Rf1+ 65. Kg2 Rc1 66. Kf3 Rc4 67. Re2 Rc3+ 68. Re3 Rxe3+ 69. Kxe3 Kg4 70. Kf2 Kh5 71. Kf3 Kg5 72. a3 Kg6 1/2-1/2

[Event "SLO-ch blind int 7th"]
[Site "Izola"]
[Date "2007.06.14"]
[Round "2"]
[White "Pohlers, Juergen"]
[Black "Avram, Sretko"]
[Result "1/2-1/2"]
[WhiteElo "2102"]
[BlackElo "2219"]
[PlyCount "155"]
[EventDate "2007.06.13"]
[EventType "swiss"]
[EventRounds "7"]
[EventCountry "SLO"]
[SourceTitle "EXT 2023"]
[Source "ChessBase"]
[SourceDate "2022.10.05"]
[SourceVersion "1"]
[SourceVersionDate "2022.10.05"]
[SourceQuality "1"]

1. d4 d5 2. c4 e6 3. Nc3 Nf6 4. Nf3 Nbd7 5. cxd5 exd5 6. Bg5 c6 7. e3 Be7 8. Bd3 0-0 9. Qc2 Re8 10. 0-0 Ne4 11. Bxe4 dxe4 12. Nxe4 Bxg5 13. Nexg5 Nf8 14. Qb3 Qd5 15. Qxd5 cxd5 16. Nd2 Bf5 17. Rfc1 Rac8 18. Ngf3 Rxc1+ 19. Rxc1 Rc8 20. Rxc8 Bxc8 21. e4 dxe4 22. Nxe4 Be6 23. Nc3 f6 24. Kf1 Ng6 25. g3 Ne7 26. Ke2 Kf8 27. Nd2 Ke8 28. Kd3 Kd7 29. Nc4 a6 30. a4 Kc6 31. b4 b6 32. a5 bxa5 33. Nxa5+ Kc7 34. f3 f5 35. h4 h6 36. f4 Kb6 37. Nc4+ Kc7 38. b5 axb5 39. Nxb5+ Kc6 40. Nc3 Ng8 41. Ne3 Bc8 42. Ned5 Ba6+ 43. Ke3 Kd6 44. Kd2 g6 45. Nb4 Bb7 46. Nd3 Bc6 47. Ne5 Be8 48. Kd3 Nf6 49. Ke3 Ke6 50. Kf3 Kd6 51. Kf2 Ke6 52. Ke3 Kd6 53. Kd3 Nh5 54. Ne2 Bb5+ 55. Ke3 Bxe2 56. Kxe2 Nxg3+ 57. Kf3 Ne4 58. Nxg6 Kd5 59. Ke3 Nd6 60. Ne7+ Ke6 61. Nc6 Kd5 62. Nb4+ Kc4 63. Nd3 Kd5 64. Ne5 Nb5 65. Nf3 h5 66. Kd3 Nc7 67. Ng1 Ne6 68. Ne2 Nf8 69. Ng3 Ng6 70. Nxh5 Nxh4 71. Ng3 Ng2 72. Ne2 Ne1+ 73. Kd2 Ng2 74. Kd3 Ne1+ 75. Kc3 Nf3 76. Kd3 Ne1+ 77. Kc3 Nf3 78. Ng3 1/2-1/2